Mračna nad elektronickou poštou - SPAM

Definícia pojmu spam. Druhy nevyžiadanej pošty. Škody, ktoré spôsobuje spam. Právne opatrenia na ochranu proti spamu v Česku a v Európskej únii. Legislatíva v USA. Riešenie podľa Billa Gatesa. Autorstvo výrazu SPAM (spicy meat and ham).

Saved in:
Bibliographic Details
Main Author: Hynek, Jiří
Format: Book Chapter
Language:Czech
Subjects:
Tags: Add Tag
No Tags, Be the first to tag this record!

MARC

LEADER 00000naa$a2200000$$$4500
001 0009000
005 20231106121512.8
041 0 |a cze 
044 |a CZ 
245 1 0 |a Mračna nad elektronickou poštou - SPAM  |c aut. Jiří Hynek 
520 |a Definícia pojmu spam. Druhy nevyžiadanej pošty. Škody, ktoré spôsobuje spam. Právne opatrenia na ochranu proti spamu v Česku a v Európskej únii. Legislatíva v USA. Riešenie podľa Billa Gatesa. Autorstvo výrazu SPAM (spicy meat and ham). 
610 2 0 |a pošta elektronická 
610 2 0 |a technológie informačné 
610 2 0 |a technológie komunikačné 
610 2 0 |a internet 
610 2 0 |a reklama 
610 2 0 |a legislatíva 
610 2 0 |a Česko 
610 2 0 |a USA 
610 2 0 |a Európska únia 
100 1 |a Hynek, Jiří